Ley número 17934 (Record no. 91604)

MARC details
000 -LEADER
campo de control de longitud fija 00489nam a2200157 i 4500
001 - NÚMERO DE CONTROL
campo de control 91604
003 - IDENTIFICADOR DE NÚMERO DE CONTROL
campo de control ES-MaACL
005 - FECHA Y HORA DE LA ÚLTIMA TRANSACCIÓN
campo de control 20230906180749.0
007 - CAMPO FIJO DE DESCRIPCIÓN FÍSICA--INFORMACIÓN GENERAL
campo de control de longitud fija t|
008 - DATOS DE LONGITUD FIJA--INFORMACIÓN GENERAL
campo de control de longitud fija 050201s1999 cl ||||1| spa d
245 00 - MENCIÓN DEL TÍTULO
Título Ley número 17934
Resto del título : reprime tráfico de estupefacientes.
260 ## - PUBLICACIÓN, DISTRIBUCIÓN, ETC.
Lugar de publicación, distribución, etc. Valparaíso :
Nombre del editor, distribuidor, etc. [s.n.,
Fecha de publicación, distribución, etc. 1973]
300 ## - DESCRIPCIÓN FÍSICA
Extensión 10 h. ;
Dimensiones 21 cm.
500 ## - NOTA GENERAL
Nota general Es tirada a parte de : "Revista de Ciencias Jurídicas", 1973, nº 4, P. 189-206.
852 ## - LOCALIZACIÓN
Ubicación ES-MaACL
Número de control de estantería 2096-F-23
Sublocalización o colección R.1973
Holdings
Estatus retirado Estado de pérdida Estado de daño No para préstamo Colección Biblioteca de origen Biblioteca actual Ubicación en estantería Fecha de adquisición Fuente de adquisición Total de préstamos Signatura topográfica completa Código de barras Visto por última vez Precio de reemplazo Tipo de ítem Koha
        Colección de folletos Biblioteca del Ateneo de Madrid Biblioteca del Ateneo de Madrid Depósito folletos 17/01/2008     2096-F-23 1095640 23/02/2023 23/02/2023 Folleto